Répliques célèbres de Perceval - Kaamelott - Statistiques

Statistiques générales
  • Ce quiz a été pris 75 fois
  • Le résultat moyen est 10 sur 20
Statistiques - réponses
Réplique Réponse % Correct
C'est pas .... ! faux
98%
On en a .... ! gros
87%
Selon comment on se tourne, ça .... tout ! change
84%
Encore un nom à .... dehors. coucher
81%
J'aimerais bien qu'on commence à me considérer comme .... . tel
81%
J'apprécie les fruits au .... ! sirop
74%
Vous êtes de la famille du pendu ? C'était sa .... , bonjour l'approche. sœur
65%
On est tombés sur un coin, y'avait qu'à se .... ! baisser
60%
Les côtelettes, c'est plus .... . savoureux
50%
Et si on faisait le coup du .... humain ? bouclier
47%
Parce que je trouve que je suis souvent victime des .... quand même, c'est pas normal ! colifichets
39%
Moi j'estime que quand on parle .... militaires il faut employer des termes précis ! tactiques
39%
Moi, j'aime ça, mais je les .... pas. digère
37%
C'est tout con, même un .... , il comprendrait ! débile
32%
Excusez, c'est juste pour vous dire, je vais pas pouvoir .... aujourd'hui. rester
32%
Si on avait bu un coup dans des trucs qui se .... , j'en aurais pété un par terre ! cassent
31%
Merci mon .... ! cul
21%
Je disais ça comme ça, je sais pas .... . lire
21%
On va mettre .... ans, 2 mois et 26 jours. 116
11%
Ils sont toujours en train de se plaindre, ces .... ! péquenauds
5%
Aucun quiz correspondant
Distribution des résultats
% des personnes avec chaque résultat
Percentile par nombre de réponses
Votre historique - résultats
Vous n’avez pas pris ce quiz